| 000 | 00723nam a2200121Ia 4500 | ||
|---|---|---|---|
| 008 | 220615s9999||||xx |||||||||||||| ||und|| | ||
| 245 | 0 | _aOcean-Atmosphere Interactions of Gases and Particles | |
| 546 | _aEnglish[eng] | ||
| 650 | _aEarth System Sciences||Environmental Chemistry||Climatology||Marine & Freshwater Sciences||Atmosphere ocean interaction||Chemical Exchanges||Biogeochemistry||COST 735||air-sea interface||Trace gases||SOLAS | ||
| 700 | _aLiss, Peter S.||Johnson, Martin T. | ||
| 856 | _uhttps://library.oapen.org/bitstream/20.500.12657/28060/1/1001934.pdf||https://library.oapen.org/bitstream/20.500.12657/28060/1/1001934.pdf||https://library.oapen.org/bitstream/20.500.12657/28060/1/1001934.pdf | ||
| 942 | _cEB | ||
| 999 |
_c13700 _d13700 |
||